Les métiers oubliés (2) - Statistiques

Statistiques générales
  • Ce quiz a été pris 22 fois
  • Le résultat moyen est 4 sur 20
Statistiques - réponses
Question Réponse % Correct
Cadenier Fabricant de chaines pour la marine
67%
Barillier Fabricant de tonneaux
67%
Fendeur Tailleur d'ardoise
50%
Queu Chef de cuisine
33%
Indienneur Fabricant de toile d'indienne
33%
Pacotilleuse Contrebandière
17%
Navetier Fabricant de navettes pour l'industrie textile
17%
Alpargatier Fabricant d'espadrilles
17%
Vaxelaire Fabricant de vaisselle en hêtre
17%
Dauraire Fabricant d'objets en or et en argent
17%
Econome Intendant dans une école religieuse
17%
Oignonnier Marchand d'oignons
17%
Geindre Pétrisseur de la pâte en boulangerie
17%
Harangère Poissonnière
17%
Marchand de coco Vendeur ambulant de tisane
17%
Langueyeur Vérificateur de la santé des animaux, en particulier des porcs
17%
Tamelier Boulanger
0%
Scailleteur Couvreur en ardoises
0%
Juge d'armes Généalogiste
0%
Rusquier Récolteur de liège
0%
Aucun quiz correspondant
Distribution des résultats
% des personnes avec chaque résultat
Percentile par nombre de réponses
Votre historique - résultats
Vous n’avez pas pris ce quiz